Spell the Marvel Character #109 - Statistics

General Stats
  • This quiz has been taken 29 times
  • The average score is 11 of 13
Answer Stats
Picture Answer % Correct
She-Hulk
100%
Red Hulk
95%
Vision
95%
Falcon
90%
Scarlet Witch
90%
Luke Cage
85%
Red She-Hulk
85%
Iceman
80%
Emma Frost
75%
Silver Surfer
75%
Elsa Bloodstone
65%
Union Jack
65%
Reptil
60%
No matching quizzes found
Score Distribution
Percent of People with Each Score
Percentile by Number Answered
Your Score History
You have not taken this quiz